Analysis of salary progress and remuneration in Slovakia

Platy slovenských občanov a platy v krajinách západnej Európy. Zákony týkajúce sa podnikania v oblasti účtovníctva a daní sa neustále menia a mnohé opatrenia prinášajú podnikateľom dodatočné náklady.

Na minha lista:
Detalhes bibliográficos
Autor principal: Kufelová, Iveta, 1970-
Formato: Capítulo de Livro
Idioma:eslovaco
Assuntos:
Tags: Adicionar Tag
Sem tags, seja o primeiro a adicionar uma tag!

MARC

LEADER 00000nla a2200000 4500
001 0221066
005 20240523121346.2
041 0 |a slo 
044 |a SK 
245 1 0 |a Analysis of salary progress and remuneration in Slovakia  |c Iveta Kufelová 
520 |a Platy slovenských občanov a platy v krajinách západnej Európy. Zákony týkajúce sa podnikania v oblasti účtovníctva a daní sa neustále menia a mnohé opatrenia prinášajú podnikateľom dodatočné náklady. 
610 2 0 |a Slovensko 
610 2 0 |a západná Európa 
610 2 0 |a platy 
610 2 0 |a príjmy obyvateľstva 
610 2 0 |a odmeňovanie 
610 2 0 |a vývoj mzdový 
610 2 0 |a predpisy mzdové 
610 2 0 |a zákony 
100 1 |a Kufelová, Iveta, 1970-